000 01245cam a2200277 4500
001 J117488
008 020416n2002 000 0 eng u
035 _a(Sirsi) u117488
041 _aeng.
050 _a344.410465
110 _aRoyal Institution of Chartered Surveyors
_bConstruction Faculty
_94214
245 _aSurveying Safely
_ba commitment to personal safety
250 _a2nd.
260 _aLondon
_bRICS
_c2002
300 _a8p.
_c30cm.
520 _aThis guidance prepared by the RICS Construction Faculty highlights the importance of health and safety in the workplace. Discusses risk assessment, how to identify hazards and the legal duties of surveyors. Suggests key points for consideration and provides practical examples. Includes a bibliography of Heath and Safety Executive publications and a mind map for surveyors and sites. View at www.rics.org/resources/surveying_safely/.
520 _aSupersedes first edition (ISBN 0854064915).
520 _aSuperseded by 2004 edition (J127781).
650 _aABOUT RICS-RICS MEMBERS
650 _aPERSONAL SAFETY
650 _aSAFETY
650 _aSURVEYING SAFELY
650 _aRISK ASSESSMENT
690 _aBUILT ENVIRONMENT-BUILDING STANDARDS
942 _n0
_2ddc
999 _c102004
_d102004